[Event "St Petersburg Korchnoi Memorial op"]
[Site "St Petersburg"]
[Date "2019.08.17"]
[Round "4"]
[White "Fairuzova, Zulfiiya"]
[Black "Dolomatov, Nikolai"]
[Result "1/2-1/2"]
[WhiteElo "1847"]
[BlackElo "2211"]
[PlyCount "47"]
[EventDate "2019.08.14"]
[EventType "swiss"]
[EventRounds "9"]
[EventCountry "RUS"]
[SourceTitle "CBM 192"]
[Source "ChessBase"]
[SourceDate "2019.10.31"]
[SourceVersion "1"]
[SourceVersionDate "2019.10.31"]
[SourceQuality "1"]

1. d4 d5 2. Nf3 c6 3. c4 e6 4. e3 f5 5. Bd3 Nf6 6. Nbd2 Bd6 7. a3 a5 8. b3 0-0 9. 0-0 Ne4 10. Ne5 Bxe5 11. dxe5 Nd7 12. Bb2 Ndc5 13. Bxe4 fxe4 14. f4 b6 15. Qc2 Ba6 16. Rfd1 a4 17. b4 Nb3 18. c5 bxc5 19. bxc5 Qh4 20. Nf1 Bc4 21. g3 Qg4 22. Rab1 Nxc5 23. Nd2 Nb3 24. Nxc4 1/2-1/2

[Event "St Petersburg Korchnoi Memorial op"]
[Site "St Petersburg"]
[Date "2019.08.15"]
[Round "2"]
[White "Loktionov, Kirill"]
[Black "Dolomatov, Nikolai"]
[Result "1/2-1/2"]
[WhiteElo "1818"]
[BlackElo "2211"]
[PlyCount "83"]
[EventDate "2019.08.14"]
[EventType "swiss"]
[EventRounds "9"]
[EventCountry "RUS"]
[SourceTitle "CBM 192"]
[Source "ChessBase"]
[SourceDate "2019.10.31"]
[SourceVersion "1"]
[SourceVersionDate "2019.10.31"]
[SourceQuality "1"]

1. d4 Nf6 2. c4 g6 3. Nc3 d5 4. cxd5 Nxd5 5. e4 Nxc3 6. bxc3 Bg7 7. Bc4 c5 8. Ne2 0-0 9. 0-0 Nc6 10. Be3 Qa5 11. Rb1 a6 12. a4 Qc7 13. Bf4 e5 14. Bg3 Qe7 15. d5 Rd8 16. Bd3 Nb8 17. c4 Nd7 18. Nc3 b6 19. Bc2 Qd6 20. Qd2 Rb8 21. Rb2 Rf8 22. Rfb1 f5 23. f3 a5 24. Nb5 Qf6 25. Nc7 f4 26. Bf2 g5 27. Ne6 Ba6 28. Nxf8 Bxf8 29. Qe2 Bd6 30. Be1 Kf7 31. Bf2 Ke7 32. Kf1 Bc7 33. Ke1 Bd6 34. Kd2 Kd8 35. Rh1 Kc7 36. Rbb1 h5 37. Bb3 Rg8 38. h3 h4 39. Kc2 Kd8 40. Rb2 Ke7 41. Rbb1 Rb8 42. Ba2 1/2-1/2

[Event "Ufa July"]
[Site "Ufa"]
[Date "2016.07.19"]
[Round "7"]
[White "Tazetdinov, Kamil"]
[Black "Dolomatov, Nikolai"]
[Result "0-1"]
[WhiteElo "1617"]
[BlackElo "2262"]
[PlyCount "132"]
[EventDate "2016.07.13"]
[EventType "tourn"]
[EventRounds "7"]
[EventCountry "RUS"]
[SourceTitle "EXT 2018"]
[Source "ChessBase"]
[SourceDate "2017.10.13"]
[SourceVersion "1"]
[SourceVersionDate "2017.10.13"]
[SourceQuality "1"]

1. e4 e6 2. d4 d5 3. exd5 exd5 4. Bd3 Nc6 5. c3 Bd6 6. Ne2 Qf6 7. Be3 Nge7 8. Qd2 Bf5 9. Bxf5 Nxf5 10. Bf4 0-0 11. 0-0 Rfe8 12. Bxd6 Nxd6 13. f3 Nc4 14. Qc2 Ne3 15. Qd2 Nxf1 16. Kxf1 Re7 17. Na3 Rae8 18. Nf4 Qg5 19. Rd1 h5 20. Nc2 h4 21. b3 Qf5 22. Re1 Rxe1+ 23. Nxe1 g5 24. Nh5 Qg6 25. g4 f6 26. f4 Kh8 27. Nf3 f5 28. Ne5 Nxe5 29. dxe5 fxg4 30. Nf6 Rd8 31. fxg5 Qf5+ 32. Qf2 Qxf2+ 33. Kxf2 Kg7 34. e6 Kf8 35. g6 Ke7 36. Nxg4 Rg8 37. Ne3 Kxe6 38. Ng2 h3 39. Nf4+ Ke5 40. Kg3 Kf5 41. Kf3 c6 42. Kg3 Kg5 43. Kf3 c5 44. Nxh3+ Kxg6 45. Nf4+ Kf5 46. Nxd5 Rh8 47. Kg3 Ke4 48. c4 Rg8+ 49. Kf2 Rf8+ 50. Kg2 Rg8+ 51. Kf2 Kd4 52. Nc7 Ke5 53. Nd5 a6 54. Nc7 Rg7 55. Nd5 b5 56. Ne3 b4 57. Nd5 Kd4 58. h4 Kd3 59. h5 Kc2 60. Kf3 Kb2 61. Kf4 Kxa2 62. h6 Rh7 63. Kg5 Kxb3 64. Nb6 a5 65. Kg6 Rxh6+ 66. Kxh6 a4 0-1

[Event "Ufa July"]
[Site "Ufa"]
[Date "2016.07.17"]
[Round "5"]
[White "Valeev, Ilnur"]
[Black "Dolomatov, Nikolai"]
[Result "0-1"]
[WhiteElo "1772"]
[BlackElo "2262"]
[PlyCount "98"]
[EventDate "2016.07.13"]
[EventType "tourn"]
[EventRounds "7"]
[EventCountry "RUS"]
[SourceTitle "EXT 2018"]
[Source "ChessBase"]
[SourceDate "2017.10.13"]
[SourceVersion "1"]
[SourceVersionDate "2017.10.13"]
[SourceQuality "1"]

1. d4 d5 2. Nf3 Nf6 3. g3 c6 4. Bg2 Bf5 5. 0-0 h6 6. b3 e6 7. Ba3 Bxa3 8. Nxa3 Qe7 9. Qc1 Nbd7 10. c4 0-0 11. Nc2 Rfe8 12. Ne3 Bh7 13. Ne5 Nxe5 14. dxe5 Nd7 15. Qc3 Rad8 16. Rad1 Qg5 17. f4 Qe7 18. Kh1 Nc5 19. cxd5 exd5 20. Qb4 Ne4 21. Qxe7 Rxe7 22. Bxe4 Bxe4+ 23. Kg1 Rde8 24. Ng4 Bh7 25. Rd2 h5 26. Nf2 f6 27. exf6 gxf6 28. Re1 a5 29. Nd1 Kf7 30. Kf2 Ra8 31. Nc3 b5 32. Rd4 Rae8 33. e3 Bf5 34. Rd2 Ke6 35. Ne2 Kd6 36. Nd4 Bd7 37. Red1 b4 38. Re1 a4 39. bxa4 Ra8 40. e4 Rxa4 41. exd5 Rxe1 42. Kxe1 c5 43. Ne6 c4 44. Rd4 c3 45. Nd8 Kc5 46. Rd1 Rxa2 47. Ne6+ Kd6 48. Nd4 Rxh2 49. Rb1 Rh1+ 0-1

[Event "Ufa July"]
[Site "Ufa"]
[Date "2016.07.16"]
[Round "4"]
[White "Dolomatov, Nikolai"]
[Black "Mukhutdinov, Tigran"]
[Result "1-0"]
[WhiteElo "2262"]
[BlackElo "1956"]
[PlyCount "127"]
[EventDate "2016.07.13"]
[EventType "tourn"]
[EventRounds "7"]
[EventCountry "RUS"]
[SourceTitle "EXT 2018"]
[Source "ChessBase"]
[SourceDate "2017.10.13"]
[SourceVersion "1"]
[SourceVersionDate "2017.10.13"]
[SourceQuality "1"]

1. d4 d5 2. Nf3 Nf6 3. g3 Bf5 4. Bg2 e6 5. c4 c6 6. Nbd2 h6 7. Qb3 Qc8 8. 0-0 Nbd7 9. Ne5 Nxe5 10. dxe5 Nd7 11. f4 Nc5 12. Qf3 Ne4 13. Nb1 h5 14. h3 Qd8 15. Be3 Rh6 16. Nc3 Rg6 17. Nxe4 Bxe4 18. Qf2 Bxg2 19. Kxg2 f5 20. exf6 Qxf6 21. cxd5 cxd5 22. Bd4 Qf5 23. e3 Be7 24. Kh2 Bf6 25. Rac1 Bxd4 26. exd4 Rf6 27. Qe2 Kf8 28. Rc7 Rf7 29. Rc3 Kg8 30. Rf2 Rff8 31. Re3 Rfe8 32. Re5 Qf7 33. Rxh5 Rac8 34. Re5 Rc4 35. Qe3 Rc6 36. f5 Rf8 37. g4 exf5 38. Rfxf5 Qc7 39. Rxf8+ Kxf8 40. Qf4+ Kg8 41. Kg3 Rc1 42. Re8+ Kh7 43. Qxc7 Rxc7 44. Rd8 Rc2 45. Rxd5 Rxb2 46. a4 Rb4 47. a5 Kg6 48. Kf4 Kf6 49. h4 Ke6 50. Ke4 Rb1 51. Re5+ Kd6 52. Rg5 Re1+ 53. Kd3 Re7 54. h5 Rf7 55. Ke4 Ke6 56. Rg6+ Kd7 57. g5 Ke8 58. Ke5 Kf8 59. h6 gxh6 60. gxh6 Rh7 61. d5 Re7+ 62. Kf5 Rh7 63. d6 b5 64. Ke6 1-0

[Event "Ufa Summer A"]
[Site "Ufa"]
[Date "2016.06.10"]
[Round "1"]
[White "Dolomatov, Nikolai"]
[Black "Akhmadeev, Rasul"]
[Result "1-0"]
[WhiteElo "2266"]
[BlackElo "1300"]
[PlyCount "59"]
[EventDate "2016.06.10"]
[EventType "tourn"]
[EventRounds "7"]
[EventCountry "RUS"]
[SourceTitle "EXT 2022"]
[Source "ChessBase"]
[SourceDate "2021.10.06"]
[SourceVersion "1"]
[SourceVersionDate "2021.10.06"]
[SourceQuality "1"]

1. d4 d5 2. Nf3 Nf6 3. e3 Nbd7 4. Bd3 e6 5. b3 b6 6. Bb2 Bb7 7. 0-0 c5 8. c4 Bd6 9. Nc3 cxd4 10. exd4 0-0 11. Qe2 h6 12. Rad1 a6 13. Ne5 Qc7 14. f4 Rfe8 15. Qe3 Nf8 16. a4 N6h7 17. a5 bxa5 18. c5 Be7 19. Rde1 f5 20. Na4 Bc6 21. Nb6 Rab8 22. Bxa6 Nf6 23. Bc3 Ng4 24. Nxg4 fxg4 25. Be2 h5 26. Bxa5 Qa7 27. Ra1 Qb7 28. b4 Bf6 29. b5 Bd7 30. c6 1-0

[Event "Ufa Summer A"]
[Site "Ufa"]
[Date "2016.06.10"]
[Round "5"]
[White "Sultanov, Nail"]
[Black "Dolomatov, Nikolai"]
[Result "0-1"]
[WhiteElo "1439"]
[BlackElo "2266"]
[PlyCount "56"]
[EventDate "2016.06.10"]
[EventType "tourn"]
[EventRounds "7"]
[EventCountry "RUS"]
[SourceTitle "EXT 2022"]
[Source "ChessBase"]
[SourceDate "2021.10.06"]
[SourceVersion "1"]
[SourceVersionDate "2021.10.06"]
[SourceQuality "1"]

1. e4 e6 2. d4 d5 3. e5 c5 4. c3 Qb6 5. Nf3 Bd7 6. a3 Bb5 7. Bxb5+ Qxb5 8. b4 cxb4 9. cxb4 Nc6 10. Nc3 Qb6 11. 0-0 Rc8 12. Bb2 Nh6 13. Rc1 Qd8 14. Qa4 Be7 15. b5 Na5 16. b6+ Nc6 17. bxa7 Ra8 18. Qb3 Rxa7 19. Nb5 Ra6 20. Qc2 0-0 21. Ra1 Qb6 22. a4 Nf5 23. Rfd1 Na5 24. Qd3 Nc4 25. Qe2 Rfa8 26. Rab1 Rxa4 27. Bc1 Rb4 28. Bg5 Rxb5 0-1

[Event "Ufa Summer A"]
[Site "Ufa"]
[Date "2016.06.10"]
[Round "7"]
[White "Volkov, Vladislav2222"]
[Black "Dolomatov, Nikolai"]
[Result "0-1"]
[WhiteElo "1585"]
[BlackElo "2266"]
[PlyCount "56"]
[EventDate "2016.06.10"]
[EventType "tourn"]
[EventRounds "7"]
[EventCountry "RUS"]
[SourceTitle "EXT 2022"]
[Source "ChessBase"]
[SourceDate "2021.10.06"]
[SourceVersion "1"]
[SourceVersionDate "2021.10.06"]
[SourceQuality "1"]

1. d4 d5 2. c4 c6 3. Nc3 Nf6 4. Bf4 dxc4 5. a4 Nd5 6. Bg3 e6 7. e4 Nxc3 8. bxc3 b5 9. axb5 cxb5 10. Bxb8 Rxb8 11. Rxa7 Bb7 12. Qc2 Qb6 13. Ra1 Qc6 14. f3 b4 15. Nh3 b3 16. Qb2 Be7 17. Be2 0-0 18. 0-0 Ra8 19. Rfd1 Rxa1 20. Rxa1 Ra8 21. Rxa8+ Bxa8 22. Qa1 Bb7 23. Nf2 Qa6 24. Qxa6 Bxa6 25. Bd1 Bb5 26. Ng4 Ba4 27. Ne3 b2 28. Bxa4 b1Q+ 0-1

[Event "Ufa Gumerov Memorial op"]
[Site "Ufa"]
[Date "2012.08.03"]
[Round "3"]
[White "Dolomatov, Nikolai"]
[Black "Timankin, Fedor"]
[Result "1-0"]
[WhiteElo "2246"]
[BlackElo "2060"]
[PlyCount "59"]
[EventDate "2012.08.01"]
[EventType "swiss"]
[EventRounds "9"]
[EventCountry "RUS"]
[SourceTitle "EXT 2013"]
[Source "ChessBase"]
[SourceDate "2012.11.22"]
[SourceVersion "1"]
[SourceVersionDate "2012.11.22"]
[SourceQuality "1"]

1. e4 e6 2. d4 d5 3. exd5 exd5 4. Nf3 Bd6 5. c4 Nf6 6. Nc3 0-0 7. cxd5 Bb4 8. Bc4 Nxd5 9. Qb3 Bxc3+ 10. bxc3 Re8+ 11. Be3 c6 12. 0-0 b5 13. Bd3 Nxe3 14. fxe3 Rxe3 15. Ne5 Be6 16. Qc2 Qh4 17. g3 Qh6 18. Rf4 g5 19. Rff1 f6 20. Qf2 Rxd3 21. Nxd3 Bc4 22. Qf5 Nd7 23. Qxd7 Bxd3 24. Qe6+ Kg7 25. Qe7+ Kg8 26. Rxf6 Qg7 27. Qe6+ Kh8 28. Qxc6 Be4 29. Qxe4 Qxf6 30. Qxa8+ 1-0

[Event "Ufa Kopylov Memorial op 8th"]
[Site "Ufa"]
[Date "2011.12.23"]
[Round "7"]
[White "Karimov, Farid"]
[Black "Dolomatov, Nikolai"]
[Result "0-1"]
[WhiteElo "2004"]
[BlackElo "2246"]
[PlyCount "56"]
[EventDate "2011.12.17"]
[EventType "swiss"]
[EventRounds "9"]
[EventCountry "RUS"]
[SourceTitle "CBM 146 Extra"]
[Source "ChessBase"]
[SourceDate "2012.02.29"]
[SourceVersion "1"]
[SourceVersionDate "2012.02.29"]
[SourceQuality "1"]

1. d4 d5 2. Bf4 Nf6 3. e3 c6 4. Nd2 Bf5 5. c4 e6 6. Qb3 Qc8 7. Ngf3 h6 8. Ne5 Be7 9. g4 Bh7 10. h4 Nfd7 11. Bd3 Nxe5 12. Bxe5 Bxd3 13. Qxd3 Bf6 14. Bxf6 gxf6 15. e4 Na6 16. exd5 exd5 17. 0-0-0 Qxg4 18. Rhe1+ Kd7 19. cxd5 Rac8 20. d6 Rce8 21. Qb3 Kc8 22. Qxf7 Qd7 23. Re7 Rxe7 24. dxe7 Re8 25. Qxf6 Qxe7 26. Qxe7 Rxe7 27. Rg1 Nb4 28. Rg6 Re1# 0-1

[Event "Ufa Siamidi Memorial"]
[Site "Ufa"]
[Date "2011.10.24"]
[Round "9.4"]
[White "Zatokovenko, Igor"]
[Black "Dolomatov, Nikolai"]
[Result "1-0"]
[WhiteElo "2257"]
[BlackElo "2272"]
[PlyCount "109"]
[EventDate "2011.10.16"]
[EventType "swiss"]
[EventRounds "9"]
[EventCountry "RUS"]
[SourceTitle "EXT 2012"]
[Source "ChessBase"]
[SourceDate "2011.11.24"]
[SourceVersion "1"]
[SourceVersionDate "2011.11.24"]
[SourceQuality "1"]

1. d4 d5 2. Nf3 Nf6 3. c3 Bf5 4. Qb3 Qc8 5. Bf4 e6 6. e3 h6 7. c4 Bd6 8. Bg3 0-0 9. Nc3 Nc6 10. Qd1 Qe8 11. Rc1 Rd8 12. cxd5 exd5 13. Bb5 a6 14. Ba4 b5 15. Bc2 Bg4 16. 0-0 Na5 17. Bd3 Nc4 18. b3 Nb2 19. Qc2 Nxd3 20. Qxd3 Qe6 21. a4 Bf5 22. Qe2 b4 23. Nb1 a5 24. Nbd2 Rfe8 25. Rc6 Nd7 26. Bxd6 cxd6 27. Rfc1 Ra8 28. Rc7 Reb8 29. h3 Nf6 30. R7c6 Qe7 31. Ra6 Qd7 32. Rac6 Ne8 33. Nf1 Qb7 34. Ng3 Bd7 35. R6c2 Rc8 36. e4 Rxc2 37. Rxc2 dxe4 38. Nxe4 Bf5 39. Nfd2 Qd5 40. Qe3 Kf8 41. Rc1 Ra7 42. Ng3 Re7 43. Qf4 Bd7 44. Nc4 g5 45. Qf3 Qxd4 46. Nxa5 Qf4 47. Rd1 Qxf3 48. gxf3 Bxh3 49. Rd4 Re1+ 50. Kh2 Be6 51. Rxb4 Nf6 52. Nc4 g4 53. fxg4 Nxg4+ 54. Kg2 Re2 55. Nxe2 1-0

[Event "Ufa Siamidi Memorial"]
[Site "Ufa"]
[Date "2011.10.22"]
[Round "7.4"]
[White "Dolomatov, Nikolai"]
[Black "Gumerov, Renant"]
[Result "0-1"]
[WhiteElo "2272"]
[BlackElo "2102"]
[PlyCount "122"]
[EventDate "2011.10.16"]
[EventType "swiss"]
[EventRounds "9"]
[EventCountry "RUS"]
[SourceTitle "EXT 2012"]
[Source "ChessBase"]
[SourceDate "2011.11.24"]
[SourceVersion "1"]
[SourceVersionDate "2011.11.24"]
[SourceQuality "1"]

1. e4 c6 2. d4 d6 3. Nc3 Qa5 4. Nf3 Nd7 5. Bc4 h6 6. Qe2 e5 7. 0-0 g5 8. dxe5 dxe5 9. Bd2 Qc7 10. h4 Nb6 11. hxg5 Nxc4 12. Qxc4 Be6 13. Qa4 Ne7 14. Be3 b5 15. Nxb5 cxb5 16. Qxb5+ Bd7 17. Qxe5 Qxe5 18. Nxe5 Bb5 19. c4 Ba6 20. gxh6 Bxh6 21. f4 Bg7 22. b3 Bb7 23. Bd4 Bxe4 24. Rad1 Rg8 25. Rd2 Rd8 26. Rff2 Nf5 27. Bxa7 Rxd2 28. Rxd2 f6 29. Ng4 Bh8 30. Ne3 Nh4 31. Kf1 f5 32. Bb6 Bf6 33. a4 Ng6 34. Nd5 Bh4 35. Be3 Kf7 36. a5 Bg3 37. a6 Rh8 38. a7 Ne7 39. Nxe7 Kxe7 40. Bc5+ Ke8 41. Ra2 Kd7 42. Bd4 Ra8 43. Be5 Re8 44. Rd2+ Kc8 45. Rd4 Ba8 46. Rd3 Bh4 47. c5 Rg8 48. Rd2 Kb7 49. b4 Ka6 50. Rd6+ Kxa7 51. b5 Bxg2+ 52. Ke2 Bb7 53. c6 Rg2+ 54. Kd3 Bc8 55. Bd4+ Kb8 56. b6 Ba6+ 57. Kc3 Rg3+ 58. Kb2 Rg2+ 59. Ka1 Rd2 60. Rd7 Rxd4 61. Rh7 Bf6 0-1

[Event "Sterlitamak op"]
[Site "Sterlitamak"]
[Date "2011.06.27"]
[Round "1"]
[White "Dolomatov, Nikolai"]
[Black "Khasanova, Eliza"]
[Result "1-0"]
[WhiteElo "2263"]
[BlackElo "1747"]
[PlyCount "55"]
[EventDate "2011.06.27"]
[EventType "swiss"]
[EventRounds "9"]
[EventCountry "RUS"]
[SourceTitle "EXT 2012"]
[Source "ChessBase"]
[SourceDate "2011.11.24"]
[SourceVersion "1"]
[SourceVersionDate "2011.11.24"]
[SourceQuality "1"]

1. e4 c5 2. Nf3 Nc6 3. d4 cxd4 4. Nxd4 e5 5. Nb5 d6 6. N1c3 Nf6 7. Nd5 Nxd5 8. exd5 Ne7 9. c4 a6 10. Qa4 Nf5 11. Nc7+ Ke7 12. Nxa8 Bd7 13. Qb4 Qxa8 14. Bd3 Nd4 15. 0-0 f5 16. c5 dxc5 17. Qxc5+ Kf7 18. Qc7 Qe8 19. Qxb7 Bd6 20. Qxa6 e4 21. Qxd6 exd3 22. Be3 Nc2 23. Rad1 Nxe3 24. fxe3 Qxe3+ 25. Kh1 Bc8 26. Rfe1 Qg5 27. Qc7+ Kg6 28. Rxd3 1-0

[Event "Ufa Kopylov Memorial"]
[Site "Ufa"]
[Date "2010.12.26"]
[Round "7"]
[White "Darmin, Dmitry"]
[Black "Dolomatov, Nikolai"]
[Result "1/2-1/2"]
[WhiteElo "2364"]
[BlackElo "2263"]
[PlyCount "62"]
[EventDate "2010.12.21"]
[EventType "tourn"]
[EventRounds "9"]
[EventCountry "RUS"]
[EventCategory "4"]
[SourceTitle "CBM 140 Extra"]
[Source "ChessBase"]
[SourceDate "2011.03.01"]
[SourceVersion "1"]
[SourceVersionDate "2011.03.01"]
[SourceQuality "1"]

1. e4 c5 2. Nf3 e6 3. c3 d5 4. exd5 Qxd5 5. d4 Nf6 6. Be2 Nc6 7. 0-0 cxd4 8. cxd4 Be7 9. h3 0-0 10. Nc3 Qd6 11. a3 a6 12. Be3 Rd8 13. Rc1 Bd7 14. Qb3 b5 15. Rfd1 Be8 16. Bg5 Rac8 17. Qa2 Nd5 18. Ne4 Qb8 19. Bxe7 Ncxe7 20. Nc5 Qb6 21. b4 Nf4 22. Bf1 Bc6 23. Ne5 Nf5 24. g3 Bd5 25. Qb2 Ng6 26. Ng4 Nge7 27. Ne3 Bf3 28. Rd3 Ba8 29. Rcd1 Nd6 30. Bg2 Bxg2 31. Kxg2 Qc6+ 1/2-1/2

[Event "Ufa Kopylov Memorial"]
[Site "Ufa"]
[Date "2010.12.25"]
[Round "5"]
[White "Nozdrin, Alexander V"]
[Black "Dolomatov, Nikolai"]
[Result "0-1"]
[WhiteElo "2367"]
[BlackElo "2263"]
[PlyCount "68"]
[EventDate "2010.12.21"]
[EventType "tourn"]
[EventRounds "9"]
[EventCountry "RUS"]
[EventCategory "4"]
[SourceTitle "CBM 140 Extra"]
[Source "ChessBase"]
[SourceDate "2011.03.01"]
[SourceVersion "1"]
[SourceVersionDate "2011.03.01"]
[SourceQuality "1"]

1. d4 d5 2. Nf3 Nf6 3. g3 c6 4. Bg2 Bf5 5. 0-0 e6 6. c4 Nbd7 7. Qb3 Qb6 8. Nc3 h6 9. h3 Be7 10. g4 Bg6 11. Qxb6 axb6 12. cxd5 Nxd5 13. Ne1 0-0 14. e4 Nxc3 15. bxc3 Ra5 16. Nc2 Rfa8 17. a3 b5 18. Re1 Nb6 19. f4 Nc4 20. f5 Bh7 21. Bf1 Nxa3 22. Bxa3 Bxa3 23. Reb1 exf5 24. gxf5 g6 25. f6 g5 26. Rb3 Bd6 27. Re1 Bg3 28. Re3 Bf4 29. Re1 Ra2 30. Bd3 Bg6 31. Kg2 Rxc2+ 32. Bxc2 Ra2 33. Kf3 Bh5+ 34. Kg2 Rxc2+ 0-1

[Event "Ufa Kopylov Memorial"]
[Site "Ufa"]
[Date "2010.12.23"]
[Round "3"]
[White "Dolomatov, Nikolai"]
[Black "Imashev, Ildar"]
[Result "0-1"]
[WhiteElo "2263"]
[BlackElo "2283"]
[PlyCount "84"]
[EventDate "2010.12.21"]
[EventType "tourn"]
[EventRounds "9"]
[EventCountry "RUS"]
[EventCategory "4"]
[SourceTitle "CBM 140 Extra"]
[Source "ChessBase"]
[SourceDate "2011.03.01"]
[SourceVersion "1"]
[SourceVersionDate "2011.03.01"]
[SourceQuality "1"]

1. e4 e6 2. d4 d5 3. e5 c5 4. dxc5 Nc6 5. Nf3 Bxc5 6. Bd3 Nge7 7. Bf4 Qb6 8. 0-0 Qxb2 9. Nbd2 Qa3 10. Nb3 Bb6 11. Re1 Ng6 12. Bg3 Bd7 13. h4 h6 14. h5 Nge7 15. c3 Qa4 16. c4 Nb4 17. c5 Nxd3 18. Qxd3 Bc7 19. Nfd4 0-0 20. Rad1 Rfe8 21. f4 Rac8 22. Bh4 Kh8 23. g4 Nc6 24. Nxc6 Bxc6 25. Nd4 Ba5 26. f5 Bxe1 27. Rxe1 exf5 28. gxf5 Qc4 29. Qe3 Kh7 30. Kh2 Bd7 31. Rg1 Rg8 32. e6 fxe6 33. Rg6 e5 34. Qxe5 Rce8 35. Re6 Bxe6 36. fxe6 Qxa2+ 37. Ne2 Qc2 38. e7 Qe4 39. Qxe4+ dxe4 40. Nf4 a5 41. Ng6 Rc8 42. Bf2 Rge8 0-1

[Event "Anapa op-B"]
[Site "Anapa"]
[Date "2010.09.06"]
[Round "5"]
[White "Dolomatov, Nikolai"]
[Black "Eremeenko, Vladimir"]
[Result "1-0"]
[WhiteElo "2240"]
[BlackElo "1940"]
[PlyCount "61"]
[EventDate "2010.08.31"]
[EventType "swiss"]
[EventRounds "9"]
[EventCountry "RUS"]
[SourceTitle "EXT 2013"]
[Source "ChessBase"]
[SourceDate "2012.11.22"]
[SourceVersion "1"]
[SourceVersionDate "2012.11.22"]
[SourceQuality "1"]

1. e4 d6 2. d4 g6 3. Nc3 Bg7 4. Nf3 c6 5. Be3 Nf6 6. Qd2 b5 7. Bd3 Ng4 8. Bg5 h6 9. Bh4 b4 10. Ne2 c5 11. h3 Nf6 12. e5 Nh5 13. g4 Bb7 14. d5 Nf4 15. Bb5+ Kf8 16. Qxf4 g5 17. Bxg5 hxg5 18. Nxg5 Bxd5 19. Nxf7 Bxf7 20. e6 Bf6 21. g5 Bxe6 22. gxf6 exf6 23. 0-0-0 d5 24. Qe3 Qb6 25. Nf4 Bf7 26. Nxd5 Qd6 27. Nxb4 Qb6 28. Nd5 Qb7 29. Qxc5+ Kg7 30. Rhg1+ Kh6 31. Qe3+ 1-0

[Event "Anapa op-B"]
[Site "Anapa"]
[Date "2010.09.03"]
[Round "3"]
[White "Dolomatov, Nikolai"]
[Black "Makeev, Nikolay"]
[Result "1-0"]
[WhiteElo "2240"]
[BlackElo "2011"]
[PlyCount "93"]
[EventDate "2010.08.31"]
[EventType "swiss"]
[EventRounds "9"]
[EventCountry "RUS"]
[SourceTitle "EXT 2013"]
[Source "ChessBase"]
[SourceDate "2012.11.22"]
[SourceVersion "1"]
[SourceVersionDate "2012.11.22"]
[SourceQuality "1"]

1. e4 c5 2. Nf3 e6 3. d4 cxd4 4. Nxd4 a6 5. Nc3 Qc7 6. Be2 Nf6 7. 0-0 Be7 8. f4 d6 9. Be3 Nbd7 10. Bf3 Rb8 11. a4 0-0 12. a5 Nc5 13. Qe1 b5 14. b4 Na4 15. Nxa4 bxa4 16. c3 Bd7 17. Kh1 Bb5 18. Nxb5 axb5 19. Rc1 d5 20. e5 Nd7 21. Bd4 Rbc8 22. Be2 Qb7 23. Bd3 Nb8 24. Qe2 Nc6 25. Bb6 d4 26. Bxb5 dxc3 27. Ba6 Qa8 28. Bxc8 Rxc8 29. Rxc3 Nxb4 30. Rfc1 Rxc3 31. Rxc3 Nd5 32. Rc4 Nxb6 33. axb6 Qa6 34. Qe4 Qxb6 35. Rxa4 g6 36. h3 Qf2 37. Qd4 Qxd4 38. Rxd4 f6 39. Rd7 Kf7 40. Kh2 fxe5 41. fxe5 h5 42. Kg3 g5 43. Kf3 Ke8 44. Rb7 Ba3 45. Rh7 h4 46. Kg4 Bc1 47. Rg7 1-0

[Event "Ufa Kopylov Memorial"]
[Site "Ufa"]
[Date "2009.12.24"]
[Round "11"]
[White "Dolomatov, Nikolai"]
[Black "Kiselev, Artiom"]
[Result "0-1"]
[WhiteElo "2263"]
[BlackElo "2308"]
[PlyCount "58"]
[EventDate "2009.12.15"]
[EventType "tourn"]
[EventRounds "11"]
[EventCountry "RUS"]
[EventCategory "3"]
[SourceTitle "CBM 134 Extra"]
[Source "ChessBase"]
[SourceDate "2010.03.03"]
[SourceVersion "1"]
[SourceVersionDate "2010.03.03"]
[SourceQuality "1"]

1. d4 d5 2. c4 dxc4 3. e4 Nf6 4. e5 Nd5 5. Bxc4 Nb6 6. Bd3 Nc6 7. Ne2 Nb4 8. Be4 f5 9. Bf3 e6 10. Nbc3 Be7 11. h4 Bxh4 12. g3 Be7 13. Bh5+ Kf8 14. g4 c5 15. Kf1 cxd4 16. Nxd4 Nc6 17. Be3 Nxe5 18. gxf5 exf5 19. Qc2 f4 20. Rd1 fxe3 21. Ne6+ Bxe6 22. Rxd8+ Rxd8 23. Qe4 Nbc4 24. Kg2 Bf6 25. f4 Nd3 26. f5 Nc5 27. Qf4 Be5 28. Qg4 Rd4 29. Qf3 Bd7 0-1

[Event "Ufa Kopylov Memorial"]
[Site "Ufa"]
[Date "2009.12.21"]
[Round "8"]
[White "Tukhvatullin, Vladislav"]
[Black "Dolomatov, Nikolai"]
[Result "1-0"]
[WhiteElo "2256"]
[BlackElo "2263"]
[PlyCount "91"]
[EventDate "2009.12.15"]
[EventType "tourn"]
[EventRounds "11"]
[EventCountry "RUS"]
[EventCategory "3"]
[SourceTitle "CBM 134 Extra"]
[Source "ChessBase"]
[SourceDate "2010.03.03"]
[SourceVersion "1"]
[SourceVersionDate "2010.03.03"]
[SourceQuality "1"]

1. e4 e6 2. d4 d5 3. Nd2 Nf6 4. e5 Nfd7 5. Bd3 c5 6. c3 Nc6 7. Ne2 cxd4 8. cxd4 f6 9. exf6 Qxf6 10. Nf3 h6 11. 0-0 Bd6 12. Re1 0-0 13. Bb1 Rd8 14. Ng3 Nf8 15. Ne5 Bxe5 16. dxe5 Qh4 17. Nh5 Bd7 18. Re3 Be8 19. Nxg7 Qd4 20. Qxd4 Nxd4 21. Nxe8 Rxe8 22. Bd3 Re7 23. Rg3+ Rg7 24. Bxh6 Rxg3 25. hxg3 Nd7 26. Re1 Nc5 27. Bg6 Rc8 28. Kh2 Nd7 29. g4 Rc4 30. b3 Rc3 31. f4 Nc6 32. Bg5 d4 33. Rd1 Kf8 34. Bh4 Re3 35. Rd2 Nb6 36. Bf2 Nd5 37. g3 Kg7 38. Bd3 Ncb4 39. Bc4 b5 40. Bxd5 exd5 41. Rxd4 Re2 42. Kg1 Nxa2 43. Rxd5 Nc3 44. Rd7+ Kg8 45. Bxa7 Ne4 46. e6 1-0

[Event "Ufa Kopylov Memorial"]
[Site "Ufa"]
[Date "2009.12.19"]
[Round "5"]
[White "Dolomatov, Nikolai"]
[Black "Kalegin, Evgenij"]
[Result "1-0"]
[WhiteElo "2263"]
[BlackElo "2462"]
[PlyCount "41"]
[EventDate "2009.12.15"]
[EventType "tourn"]
[EventRounds "11"]
[EventCountry "RUS"]
[EventCategory "3"]
[SourceTitle "CBM 134 Extra"]
[Source "ChessBase"]
[SourceDate "2010.03.03"]
[SourceVersion "1"]
[SourceVersionDate "2010.03.03"]
[SourceQuality "1"]

1. d4 Nf6 2. c4 g6 3. Nc3 Bg7 4. e4 d6 5. f3 c6 6. Be3 a6 7. Bd3 b5 8. e5 Nfd7 9. f4 bxc4 10. Bxc4 Nb6 11. Bb3 a5 12. Nf3 0-0 13. 0-0 Ba6 14. e6 Bxf1 15. exf7+ Kh8 16. Qxf1 d5 17. f5 gxf5 18. Ng5 Qd7 19. Qf3 e6 20. Qh5 h6 21. Qg6 1-0